| 000 | 00350nam a2200145Ia 4500 | ||
|---|---|---|---|
| 008 | 240624s9999 xx 000 0 und d | ||
| 041 | _aeng | ||
| 082 | _a306 EMB | ||
| 100 | _aEMBER CAROL R | ||
| 245 | _aCULTURAL ANTHROPOLOGY | ||
| 250 | _a(13th ed.) | ||
| 260 |
_c2011 _aBoston _bPrentice Hall |
||
| 300 | _axvii, : 412p. ; 28cm. | ||
| 365 |
_c _b30 |
||
| 999 |
_c19587 _d19587 |
||